MARC

LEADER 00000nam0a2200000 4500
001 283599
005 20231101235619.0
020 |a RU  |b 83-56603 
035 |a (RuTPU)RU\TPU\book\307722 
090 |a 283599 
100 |a 20150209d1983 k y0rusy5003 ca 
101 0 |a rus 
102 |a RU 
105 |a a z 001zy 
200 1 |a Экспериментальная сейсмология  |f Академия наук СССР (АН СССР), Институт физики Земли им. О. Ю. Шмидта (ИФЗ) ; под ред. М. А. Садовского 
210 |a Москва  |c Наука  |d 1983 
215 |a 243 с.  |c ил. 
320 |a Библиография в конце статей 
606 1 |a Сейсмология экспериментальная  |2 stltpush  |3 (RuTPU)RU\TPU\subj\54392  |9 72549 
610 1 |a теоретические исследования 
610 1 |a лабораторные исследования 
610 1 |a землетрясения 
610 1 |a прогноз 
610 1 |a сейсмологические исследования 
610 1 |a автоматизация 
675 |a 550.34.01  |v 4 
702 1 |a Садовский  |b М. А.  |c физик, геофизик, сейсмолог  |c академик РАН  |f 1904-1994  |g Михаил Александрович  |2 stltpush  |3 (RuTPU)RU\TPU\pers\11948  |4 340  |9 3056 
712 0 2 |a Академия наук СССР (АН СССР)  |b Институт физики Земли им. О. Ю. Шмидта (ИФЗ)  |c (Москва)  |c (1956-1991)  |2 stltpush  |3 (RuTPU)RU\TPU\col\209 
801 0 |a RU  |b RuMRKP  |c 19950704  |g psbo 
801 1 |a RU  |b 63413507  |c 20150209 
801 2 |a RU  |b 63413507  |c 20220224  |g RCR 
942 |c BK